Guess the Taylor Swift song with no hints #5 - Statistics

General Stats
  • This quiz has been taken 561 times
  • The average score is 238 of 323
Answer Stats
% Correct
I
99%
a
97%
the
96%
You
96%
you
96%
me
95%
and
93%
And
93%
it
91%
in
87%
to
87%
your
87%
my
85%
on
83%
of
82%
so
82%
You're
82%
you're
82%
what
81%
can
80%
that
80%
don't
79%
I'm
79%
too
79%
But
78%
but
78%
say
78%
this
78%
are
77%
for
76%
know
76%
like
76%
If
75%
if
75%
not
75%
at
74%
At
74%
can't
74%
as
73%
look
73%
make
73%
mine
73%
us
73%
by
72%
her
72%
Cause
71%
got
71%
have
71%
mad
71%
I'll
70%
feel
69%
just
69%
should
69%
way
69%
Gorgeous
68%
gorgeous
68%
than
68%
think
67%
face
65%
hate
65%
You've
65%
you've
65%
makes
64%
made
63%
take
63%
about
62%
anything
62%
he's
62%
He's
62%
talk
62%
doin'
61%
being
60%
here
60%
making
60%
more
60%
much
60%
that's
60%
back
59%
compliment
59%
nothing
59%
hurts
58%
sad
58%
boyfriend
57%
drunk
57%
fun
57%
older
57%
There's
57%
club
56%
life
56%
little
56%
eyes
55%
furious
55%
girlfriend
55%
jealous
55%
consequence
54%
hand
54%
might
54%
strong
54%
worse
54%
actually
53%
happy
53%
magnetic
53%
room
53%
ruined
53%
wanna
53%
everyone
52%
home
52%
honestly
52%
ice
52%
lookin'
52%
single
52%
talking
52%
blue
51%
come
51%
cool
51%
die
51%
field
51%
Dark
50%
dark
50%
Sunset
50%
turns
50%
cats
49%
Ocean
49%
Alone
48%
drown
48%
Whiskey
48%
along
47%
sink
47%
touching
47%
Unless
46%
Vine
46%
Guess
43%
Honey
43%
stumble
39%
darkened
38%
No matching quizzes found
Score Distribution
Percent of People with Each Score
Percentile by Number Answered
Your Score History
You have not taken this quiz